US-American Cities by Photos - Statistics

General Stats
  • This quiz has been taken 40 times
  • The average score is 17 of 24
Answer Stats
Picture Answer % Correct
Los Angeles
97%
Seattle
97%
Chicago
95%
Orlando
95%
San Francisco
95%
New York City
92%
Philadelphia
92%
Washington D.C.
92%
Las Vegas
87%
Miami
87%
New Orleans
87%
Dallas
79%
St. Louis
79%
Boston
76%
Atlanta
61%
Minneapolis
58%
Pittsburgh
53%
Austin
47%
Cincinnati
45%
Milwaukee
45%
Nashville
42%
Charleston
32%
Savannah
18%
Myrtle Beach
11%
No matching quizzes found
Score Distribution
Percent of People with Each Score
Percentile by Number Answered
Your Score History
You have not taken this quiz